000 00263nam a2200097Ia 4500
005 20251222114414.0
008 251222s1900||||xx |||||||||||||| ||spa||
082 _aDVD0097/M46/2000
245 4 _aThe magic and beauty of clay:Magia y Belleza de la Arcilla
942 _cDVD
999 _c2137
_d2137